El laicado masculino y femenino : (Record n. 1515)
[ formato base ]
| 000 -LEADER | |
|---|---|
| fixed length control field | 00978nam a2200265 i 4500 |
| 003 - CONTROL NUMBER IDENTIFIER | |
| control field | IT-RoINE |
| 005 - DATE AND TIME OF LATEST TRANSACTION | |
| control field | 20221124112812.0 |
| 008 - FIXED-LENGTH DATA ELEMENTS--GENERAL INFORMATION | |
| fixed length control field | 030528s1987 sp |||||rb |001|| spa d |
| 020 ## - INTERNATIONAL STANDARD BOOK NUMBER | |
| International Standard Book Number | 8431310294 |
| 040 ## - CATALOGING SOURCE | |
| Original cataloging agency | UPSA |
| Transcribing agency | IT-RoINE |
| Modifying agency | IT-RoINE |
| 100 1# - MAIN ENTRY--PERSONAL NAME | |
| Personal name | Guerra Gómez, Manuel, |
| Dates associated with a name | 1931-2021 |
| 9 (RLIN) | 2495 |
| 245 13 - TITLE STATEMENT | |
| Title | El laicado masculino y femenino : |
| Remainder of title | (en los primeros siglos de la Iglesia) / |
| Statement of responsibility, etc | Manuel Guerra Gómez. |
| 260 ## - PUBLICATION, DISTRIBUTION, ETC. (IMPRINT) | |
| Place of publication, distribution, etc | Pamplona : |
| Name of publisher, distributor, etc | Ediciones Universidad de Navarra, |
| Date of publication, distribution, etc | 1987. |
| 300 ## - PHYSICAL DESCRIPTION | |
| Extent | 307 p. ; |
| Dimensions | 24 cm. |
| 336 ## - CONTENT TYPE | |
| Source | rdacontent |
| Content type term | text |
| 337 ## - MEDIA TYPE | |
| Source | rdamedia |
| Media type term | unmediated |
| 338 ## - CARRIER TYPE | |
| Source | rdacarrier |
| Carrier type term | volume |
| 490 10 - SERIES STATEMENT | |
| Series statement | Colección teológica ; |
| Volume number/sequential designation | 55 |
| 500 ## - GENERAL NOTE | |
| General note | Incluye índices. |
| 504 ## - BIBLIOGRAPHY, ETC. NOTE | |
| Bibliography, etc | Incluye bibliografía. |
| 650 04 - SUBJECT ADDED ENTRY--TOPICAL TERM | |
| Topical term or geographic name as entry element | Seglares |
| General subdivision | Historia |
| Chronological subdivision | ca. 30-600 (Iglesia primitiva) |
| 9 (RLIN) | 2920 |
| 650 04 - SUBJECT ADDED ENTRY--TOPICAL TERM | |
| Topical term or geographic name as entry element | Mujeres en el cristianismo |
| General subdivision | Historia |
| Chronological subdivision | ca. 30-600 (Iglesia primitiva) |
| 9 (RLIN) | 2921 |
| 830 #0 - SERIES ADDED ENTRY--UNIFORM TITLE | |
| 9 (RLIN) | 2208 |
| Uniform title | Colección teológica (Universidad de Navarra) ; |
| Volume number/sequential designation | 55 |
| 942 ## - ADDED ENTRY ELEMENTS (KOHA) | |
| Item type | Monografías |
| Withdrawn status | Lost status | Damaged status | Not for loan | Home library | Current library | Date acquired | Inventory number | Total Checkouts | Full call number | Barcode | Date last seen | Price effective from | Koha item type |
|---|---|---|---|---|---|---|---|---|---|---|---|---|---|
| Iglesia Nacional Española en Roma | Iglesia Nacional Española en Roma | 14/01/2014 | 88018 | TEO 278 | 1742 | 14/01/2014 | 14/01/2014 | Monografías |